Welcome to CU Library Online Public Access Catalogue (OPAC)

Applied economics: (Record no. 5149)

MARC details
000 -LEADER
fixed length control field 00463nam a22001817a 4500
005 - DATE AND TIME OF LATEST TRANSACTION
control field 20250324153029.0
008 - FIXED-LENGTH DATA ELEMENTS--GENERAL INFORMATION
fixed length control field 250324b |||||||| |||| 00| 0 eng d
020 ## - INTERNATIONAL STANDARD BOOK NUMBER
International Standard Book Number 9780582414549
050 ## - LIBRARY OF CONGRESS CALL NUMBER
Classification number HB 171.5 GRI
Item number 1
100 ## - MAIN ENTRY--PERSONAL NAME
Personal name GRIFFITHS, Alan
245 ## - TITLE STATEMENT
Title Applied economics:
Remainder of title An introductory course
250 ## - EDITION STATEMENT
Edition statement 18th
260 ## - PUBLICATION, DISTRIBUTION, ETC.
Place of publication, distribution, etc. England
Name of publisher, distributor, etc. prentice hall
Date of publication, distribution, etc. 1999
300 ## - PHYSICAL DESCRIPTION
Extent ix,762p
500 ## - GENERAL NOTE
General note Tables index
700 ## - ADDED ENTRY--PERSONAL NAME
Personal name Wall, Staurt
942 ## - ADDED ENTRY ELEMENTS (KOHA)
Source of classification or shelving scheme Library of Congress Classification
Koha item type Books
Suppress in OPAC No
999 ## -
-- 5149
-- 5149
Holdings
Withdrawn status Lost status Source of classification or shelving scheme Damaged status Not for loan Collection Home library Current library Shelving location Date acquired Total checkouts Full call number Barcode Date last seen Copy number Price effective from Koha item type
    Library of Congress Classification     Non-fiction Business Library (Miotso) Business Library (Miotso) General stacks 03/11/2026   HB171.5 APP BSSM00002538 03/11/2026   03/11/2026 Books
    Library of Congress Classification     Non-fiction Business Library (Miotso) Business Library (Miotso) General stacks 03/11/2026   HB171.5 APP BSSM00002539 03/11/2026   03/11/2026 Books
    Library of Congress Classification     Non-fiction Graduate Library (Christ Temple) Graduate Library (Christ Temple) General stacks 03/24/2025   HB 171.5 GRI GSCT00000755 03/24/2025 1 03/24/2025 Books
    Library of Congress Classification     Non-fiction Graduate Library (Christ Temple) Graduate Library (Christ Temple) General stacks 03/24/2025   HB 171.5 GRI GSCT00000756 03/24/2025 2 03/24/2025 Books
    Library of Congress Classification     Non-fiction Main Library (Kumasi) Main Library (Kumasi) General stacks 04/22/2026   HB171.5 APP bssk0000200 04/22/2026 7 04/22/2026 Books
    Library of Congress Classification     Non-fiction Undergraduate Library (Christ Temple) Undergraduate Library (Christ Temple) General stacks 05/21/2025   HB171.5 APP ulct00002532 05/21/2025   05/21/2025 Books
    Library of Congress Classification     Non-fiction Undergraduate Library (Christ Temple) Undergraduate Library (Christ Temple) General stacks 05/21/2025   HB171.5 APP ulct00002533 05/21/2025   05/21/2025 Books
    Library of Congress Classification     Non-fiction Undergraduate Library (Christ Temple) Undergraduate Library (Christ Temple) General stacks 05/21/2025   HB171.5 APP ulct00002534 05/21/2025   05/21/2025 Books
© 2023-2024 Copyright: Central University Libraries. All Rights Reserved | Created by: Mahone Tech Office